|
|
|
|
| LEADER |
00000naa0a2200000 4500 |
| 001 |
676084 |
| 005 |
20241031101351.0 |
| 090 |
|
|
|a 676084
|
| 100 |
|
|
|a 20241031d2022 k||y0rusy50 ca
|
| 101 |
0 |
|
|a rus
|
| 102 |
|
|
|a RU
|
| 135 |
|
|
|a drcn ---uucaa
|
| 181 |
|
0 |
|a i
|b e
|
| 182 |
|
0 |
|a b
|
| 183 |
|
0 |
|a cr
|2 RDAcarrier
|
| 200 |
1 |
|
|a Получение полых микросфер из порошка боя лампового стекла
|f А. В. Беляева, О. В. Казьмина
|
| 203 |
|
|
|a Текст
|c электронный
|b визуальный
|
| 225 |
|
1 |
|a Секция 3: Обращение с отходами
|
| 283 |
|
|
|a online_resource
|2 RDAcarrier
|
| 300 |
|
|
|a Заглавие с экрана
|
| 320 |
|
|
|a Библиографический список: 2 назв.
|
| 336 |
|
|
|a Текстовый файл
|
| 463 |
|
1 |
|t Актуальные вопросы химической технологии и окружающей среды
|o сборник материалов IX Всероссийской конференции, посвященной 55-летию Чувашского государственного университета имени И.Н. Ульянова, Чебоксары, 1-2 Декабря 2022
|v С. 85-86
|d 2022
|c Чебоксары
|n ЧГУ им И. Н. Ульянова
|f Чувашский государственный университет имени И.Н. Ульянова
|
| 610 |
1 |
|
|a микросферы
|
| 610 |
1 |
|
|a стеклобой
|
| 610 |
1 |
|
|a серный ангидрид
|
| 610 |
1 |
|
|a электронный ресурс
|
| 610 |
1 |
|
|a труды учёных ТПУ
|
| 700 |
|
1 |
|a Беляева
|b А. В.
|c химик-технолог
|c эксперт Томского политехнического университета
|f 2000-
|g Арина Викторовна
|9 23074
|
| 701 |
|
1 |
|a Казьмина
|b О. В.
|c химик-технолог
|c профессор Томского политехнического университета, доктор технических наук
|f 1967-
|g Ольга Викторовна
|9 12004
|
| 712 |
0 |
2 |
|a Национальный исследовательский Томский политехнический университет
|c (2009- )
|4 570
|9 26305
|
| 801 |
|
0 |
|a RU
|b 63413507
|c 20241031
|g RCR
|
| 856 |
4 |
|
|u https://elibrary.ru/item.asp?id=50186675
|z https://elibrary.ru/item.asp?id=50186675
|
| 942 |
|
|
|c CF
|